Statistics for 2014 Formula One Drivers

Click here to take the quiz!

General Stats

  • This quiz has been taken 23 times
  • The average score is 18 of 22

Answer Stats

TeamCountryDriver% Correct
FerrariFinlandKimi Räikkönen
100%
Red BullGermanySebastian Vettel
100%
WilliamsBrazilFelipe Massa
94%
FerrariSpainFernando Alonso
94%
McLarenUnited KingdomJenson Button
94%
MercedesUnited KingdomLewis Hamilton
94%
Force IndiaGermanyNico Hülkenberg
94%
MercedesGermanyNico Rosberg
94%
Force IndiaMexicoSergio Pérez
94%
Red BullAustraliaDaniel Ricciardo
89%
Toro RossoRussiaDaniil Kvyat
83%
CaterhamJapanKamui Kobayashi
83%
SauberMexicoEsteban Gutiérrez
78%
MarussiaFranceJules Bianchi
78%
McLarenDenmarkKevin Magnussen
78%
CaterhamSwedenMarcus Ericsson
78%
LotusFranceRomain Grosjean
78%
WilliamsFinlandValtteri Bottas
78%
LotusVenezuelaPastor Maldonado
67%
Toro RossoFranceJean-Éric Vergne
61%
SauberGermanyAdrian Sutil
56%
MarussiaUnited KingdomMax Chilton
56%

Score Distribution

Percentile by Number Answered

Percent of People with Each Score

Your Score History

You have not taken this quiz